Statistics for Attack on Titan by Picture

Click here to take the quiz!

General Stats

  • This quiz has been taken 805 times
  • The average score is 23 of 28

Answer Stats

HintAnswer% Correct
ImagesWall {Maria}
95%
Image1. {Mikasa Ackermann}
93%
Image5. {Eren Jaeger}
93%
Image{Beast} Titan
91%
ImageWall {Rose}
91%
ImageArmin Arlelt
90%
Image{Colossal} Titan
90%
Image{Female} Titan
89%
Image4. {Annie Leonhart}
88%
Image9. {Sasha Braus}
88%
Image{Armored} Titan
88%
Image{Attack} Titan
87%
Image2. {Reiner Braun}
86%
Image10. {Christa Lenz}
85%
Image6. {Jean Kirschtein}
84%
Image8. {Conny Springer}
84%
Image11? {Ymir}
83%
Image3. {Bertholdt Hoover}
83%
Image{Jaw} Titan
83%
Image{Scout} Regiment
82%
ImageWall {Sina}
80%
Image{Cart} Titan
79%
Image{War Hammer} Titan
79%
Image7. {Marco Bodt}
78%
Image{Founding} Titan
72%
Image{Garrison} Regiment
48%
Image{Military Police} Regiment
47%
Image{Cadet} Corps
30%

Score Distribution

Percentile by Number Answered

Percent of People with Each Score

Your Score History

You have not taken this quiz